Normal view
MARC view
Entry Personal Name
001 - CONTROL NUMBER
- control field: 47003
003 - CONTROL NUMBER IDENTIFIER
- control field: dpl
005 - DATE AND TIME OF LATEST TRANSACTION
- control field: 20120512164022.0
008 - FIXED-LENGTH DATA ELEMENTS
- fixed length control field: 120512|||a|||||| | ||| d
040 ## - CATALOGING SOURCE
- Original cataloging agency: dpl
- Transcribing agency: dpl
100 ## - HEADING--PERSONAL NAME
- Personal name: विजयवर्गीय, दयाकृष्ण विजय
670 ## - SOURCE DATA FOUND
- Source citation: Work cat.: (dpl): विजयवर्गीय, दयाकृष्ण विजय, हिन्दी भाषा और महाकाव्यः एक अध्ययन /, 2005
670 ## - SOURCE DATA FOUND
- Source citation: Work cat.: (dpl): विजयवर्गीय, दयाकृष्ण विजय, हिन्दी भाषा और महाकाव्यः एक अध्ययन /, 2005
